00419 2200169 4500001002100000005001500021008004100036020002200077035001900099041000700118082001000125090001600135100002100151245002500172260003500197300001700232INLIS00000000002411620241224131640241224||||||||| | ||| |||| || |  a978-602-7652-23-1 0010-1224024116 aid0 a372.2 a372.2 HER p0 aHerlina Sitorus.00aPiknik ke Perkebunan aTangerang.bLentera Hatic2013 a15 hlm;24 cm